| 000 | 00515nam a22001937a 4500 | ||
|---|---|---|---|
| 003 | MPLRDC | ||
| 005 | 20220104192041.0 | ||
| 008 | 210129b ||||| |||| 00| 0 eng d | ||
| 020 | _a978-967-0387-74-1 | ||
| 082 | _a528.47 TTSN v.2 | ||
| 100 | _a吴秀珍 文、图 | ||
| 245 |
_a独立自主的孩子 _c范诗慧 译 |
||
| 250 | _a初版 | ||
| 260 |
_a马来西亚 _bANJUNG TAIPAN SDN BHD _c2012 |
||
| 300 | _b平 | ||
| 490 | _a甜甜少女系列 | ||
| 650 | _a青少年教育 | ||
| 942 |
_cBK _o528.47 TTSN v.2 |
||
| 999 |
_c64533 _d64523 |
||